Every Governor of South Dakota - Statistics

General Stats
  • This quiz has been taken 28 times
    11 since last reset
  • The average score is 3 of 34
Answer Stats
Picture Hint Answer % Correct
R(2019-2025) Kristi Noem
100%
R(2025-) Larry Rhoden
67%
R(1907-1909) Coe I. Crawford
33%
R(2011-2019) Dennis Daugaard
33%
R(2003-2011) Mike Rounds
33%
P(1897-1901) Andrew E. Lee
0%
R(1961-1965) Archie M. Gubbrud
0%
R(1889-1893) Arthur C. Mellette
0%
R(1995-2003) Bill Janklow
0%
R(1979-1987) Bill Janklow
0%
R(1925-1927) Carl Gunderson
0%
R(1893-1897) Charles H. Sheldon
0%
R(1901-1905) Charles N. Herreid
0%
R(1969-1971) Frank Farrar
0%
R(1913-1917) Frank M. Byrne
0%
R(1987-1993) George S. Mickelson
0%
R(1947-1951) George T. Mickelson
0%
R(1939-1943) Harlan J. Bushfield
0%
D(1978-1979) Harvey L. Wollman
0%
R(1955-1959) Joe Foss
0%
R(1937-1939) Leslie Jensen
0%
R(1943-1947) Merrell Q. Sharpe
0%
R(1965-1969) Nils Boe
0%
R(1917-1921) Peter Norbeck
0%
D(1959-1961) Ralph Herseth
0%
D(1971-1978) Richard Kneip
0%
R(1909-1913) Robert S. Vessey
0%
R(1905-1907) Samuel H. Elrod
0%
R(1951-1955) Sigurd Anderson
0%
D(1933-1937) Tom Berry
0%
R(1993-1995) Walter Dale Miller
0%
R(1931-1933) Warren Green
0%
R(1921-1925) William H. McMaster
0%
D(1927-1931) William J. Bulow
0%
No matching quizzes found
Score Distribution
Percent of People with Each Score
Percentile by Number Answered
Your Score History
You have not taken this quiz since the last reset